The big picture (Registro nro. 35930)

Detalles MARC
000 -CABECERA
Longitud fija campo de control 00521nam a22002057a 4500
003 - IDENTIFICADOR DELl NÚMERO DE CONTROL
Identificador del número de control OSt
005 - FECHA Y HORA DE LA ÚLTIMA TRANSACCIÓN
Fecha y hora de la última transacción 20250911173645.0
008 - CÓDIGOS DE INFORMACIÓN DE LONGITUD FIJA
Códigos de información de longitud fija 250911b ||||| |||| 00| 0 eng d
020 ## - NÚMERO INTERNACIONAL NORMALIZADO PARA LIBROS
Número Internacional Normalizado para Libros (ISBN) 0-521-79-846-9
040 ## - FUENTE DE LA CATALOGACIÓN
Centro transcriptor CRI
082 ## - NÚMERO DE LA CLASIFICACIÓN DECIMAL DEWEY
Númeroo de clasificación 808.06842
100 1# - PUNTO DE ACCESO PRINCIPAL-NOMBRE DE PERSONA
9 (RLIN) 39806
Nombre de persona Leather, Sue
245 ## - MENCIÓN DE TÍTULO
Título The big picture
Mención de responsabilidad, etc. Sue Leather
250 ## - MENCIÓN DE EDICIÓN
Mención de edición 5ª ed.
260 ## - PUBLICACIÓN, DISTRIBUCIÓN, ETC. (PIE DE IMPRENTA)
Lugar de publicación, distribución, etc. Italia
Nombre del editor, distribuidor, etc. Cambridge
Fecha de publicación, distribución, etc. 2005
300 ## - DESCRIPCIÓN FÍSICA
Extensión 32 p.
Otras características físicas il.
Dimensiones 20 cm.
490 ## - MENCIÓN DE SERIE
Mención de serie Philip Prowse
650 #0 - PUNTO DE ACCESO ADICIONAL DE MATERIA - TÉRMINO DE MATERIA
9 (RLIN) 29437
Término de materia o nombre geográfico como elemento inicial Cuentos ingleses
942 ## - ENTRADA DE ELEMENTOS AGREGADOS (KOHA)
Fuente de clasificaión o esquema Dewey Decimal Classification
Koha [por defecto] tipo de item 1- Monografias
Parte de clasificación prozim
Existencias
Suprimido Perdido Fuente de clasificación o esquema Estropeado Restricciones de uso No para préstamo Código de colección Localización permanente Localización actual Localización en estanter&íacute;as Fecha adquisición Préstamos totales Signatura completa Código de barras Fecha última consulta Fecha último préstamo Fecha del precio de reemplazo Tipo de item de Koha
NULL NULL Dewey Decimal Classification NULL Prestable NULL NULL Biblioteca Centro Regional de Ilobasco Biblioteca Centro Regional de Ilobasco Sala Principal 11/09/2025 3 C LEA big 1046773 11/03/2026 09/03/2026 11/09/2025 1- Monografias